Chemical engineering_vol. 2 (Record no. 13367)

000 -LEADER
fixed length control field 00522nam a2200205u 4500
001 - CONTROL NUMBER
control field 13367
003 - CONTROL NUMBER IDENTIFIER
control field BD-DhUET
008 - FIXED-LENGTH DATA ELEMENTS--GENERAL INFORMATION
fixed length control field 811120s1956 nyua 000 0 eng
040 ## - CATALOGING SOURCE
Original cataloging agency DLC
Transcribing agency DLC
Modifying agency BD-DhUET
082 ## - DEWEY DECIMAL CLASSIFICATION NUMBER
Classification number 660.28
Item number COU/1956
100 1# - MAIN ENTRY--PERSONAL NAME
Personal name Coulson, J. M.
245 00 - TITLE STATEMENT
Title Chemical engineering_vol. 2
250 ## - EDITION STATEMENT
Edition statement 2nd ed.
260 ## - PUBLICATION, DISTRIBUTION, ETC. (IMPRINT)
Place of publication, distribution, etc. Oxford
Name of publisher, distributor, etc. Pergamon press
Date of publication, distribution, etc. 1968
300 ## - PHYSICAL DESCRIPTION
Extent xviii, 790 p.
Other physical details ill.
Dimensions 25 cm.
500 ## - GENERAL NOTE
General note Volume - 2
650 #0 - SUBJECT ADDED ENTRY--TOPICAL TERM
Topical term or geographic name as entry element Chemical engineering
700 ## - ADDED ENTRY--PERSONAL NAME
Personal name Richardson, J. F.
942 ## - ADDED ENTRY ELEMENTS (KOHA)
Koha item type General Book
Holdings
Koha normalized classification for sorting Koha issues (times borrowed) Sublocation or collection (holding branch) Copy number Koha date last seen Source of classification or shelving scheme Withdrawn status Date acquired Price effective from Koha full call number Piece designation (barcode) Koha item type Not for loan Shelving location Damaged status Koha date last borrowed Lost status Location (home branch)
660_280000000000000_COU_1956 Central Library, BUET12015-03-02  2015-03-022015-03-02660.28/COU/195623659General Book Circulation section   Central Library, BUET
660_280000000000000_COU_19681Central Library, BUET22018-03-07  2015-05-112015-05-11660.28/COU/196827283General Book Circulation section 2017-09-23 Central Library, BUET